Справка к докладу по еврейскому вопросу, составленная канцелярией Постоянного совета

Доступно только в Электронных читальных залах Найти на картеНа карте
RUSMARC
00003771nmc2a22002411x 450
0016cb65f7a-44cf-470f-9b2e-9e33a1b2a8e9
00520131107074304.0
100##$a20130605l1914 k y0rusy50 ca
1010#$arus
102##$aRU
105##$aa z |||||
2001#$aСправка к докладу по еврейскому вопросу, составленная канцелярией Постоянного совета
$hЧ. XI. Торговля, кредит, подряды, поставки и торги. Фабрики и заводы. Ремесла. Шинки и постоялые дворы. Факторство. Евреи в селах
$j[1914]
215##$a224 листа
$cтабл.
251##$cДело
300##$aПечатный экземпляр с рукописными пометами
330##$aVII. Материалы Постоянного совета и комиссии по еврейскому вопросу /1874-1917/
461#0$1001b6db1e6b-efcc-4108-961b-a8f75be6354f
$12001
$aПостоянный совет объединенных дворянских обществ
$1251
$cФонд
$1852
$j434
462#0$1001376737bd-14a2-4097-a3d5-a02b2aa0e2d3
$12001
$aПостоянный совет объединенных дворянских обществ. 1906-1917 гг.
$1251
$cОпись
$1852
$j1
60102$3RU\NLR\AUTH\8810165427
$aПостоянный совет объединенных дворянских обществ
$cПетербург
60102$3RU\NLR\AUTH\8810165525
$aПостоянный совет объединенных дворянских обществ
$cПетербург
$bКанцелярия
801#0$aRU
$bGA_RF
801#1$aRU
$bНПО Опыт
$c20130605
$2rusmarc
801#2$aRU
$bПБ им. Б.Н. Ельцина
$c20131107
$gRCR
$2rusmarc
852##$aГА РФ
$j220
937##$d40973639
$hПБ
035##$aRuPRLIB51007138
Формат отображения